Carregant...
Azadi ki ladaai ke zabt shuda tharane
| Format: | Printed Book |
|---|---|
| Publicat: |
New Delhi
Ministry of Information and Broadcasting
1998
|
| Matèries: |
| LEADER | 00470cam a2200145ua 4500 | ||
|---|---|---|---|
| 020 | |a 81-230-0638-1 | ||
| 082 | |a H 891.43 1 |b AJA | ||
| 245 | 0 | 2 | |a Azadi ki ladaai ke zabt shuda tharane |
| 260 | |a New Delhi |b Ministry of Information and Broadcasting |c 1998 | ||
| 300 | |a 181p. | ||
| 650 | |a Poems- Hindi | ||
| 650 | 0 | |a Hindi literature | |
| 942 | |c BK | ||
| 999 | |c 749 |d 749 | ||
| 952 | |0 0 |1 0 |4 0 |6 H_891_430000000000000_AJA |7 0 |9 788 |a KUCL |b KUCL |d 2014-05-23 |l 0 |o H 891.43 AJA |p 03856 |r 2014-05-23 |y BK | ||